Bases conceptuales y operativas. Plan Trienal de Capacitación de los beneficiarios de la II Etapa: 1992-1994 /

Guardado en:
書目詳細資料
Autores Corporativos: INA, SENARA IDA IICA
格式: Texto
出版: Cañas, Guanacaste: SENARA
標簽: 添加標簽
沒有標簽, 成為第一個標記此記錄!

MARC

LEADER 00000 a a2200000 04500
001 21792
003
040 |a CRAI/IIS  |c CRAI/IIS 
090 |a 097700  
110 |a INA  
245 |a Bases conceptuales y operativas. Plan Trienal de Capacitación de los beneficiarios de la II Etapa: 1992-1994 /  |c INA  
260 |a Cañas, Guanacaste:   |b SENARA  
300 |a s. p  
710 |a SENARA   |a IDA   |a IICA  
999 |c 3805  |d 3805